000 00418nam a2200181Ia 4500
001 13710
005 20260306164821.0
008 260306t2007||||xx |||||||||||||| ||spa||
041 _aESP
082 _a005.133HTML
_bC33
100 _aCastro, Elizabeth
_eAUT
245 0 _aHTML, XHTML y CSS
260 _c2007
300 _a656 páginas :
_c23 cm.
650 _aGEN
654 _aCCC
942 _cLIB
_dJUS
_fJUS
_2ddc
_n
999 _c13710
_d13710